000 01678nam a2200253Ia 4500
999 _c51649
_d51649
001 18640
003 GE_BSU
005 20220919171446.0
008 181216s2013||||ge |||||||||||||| ||geo||
040 _cGE_BSU
041 _ageo
080 _a37 კ-49
100 _aკიკვაძე, ირინა
_911525
245 _aმოსწავლეთა ცოდნისა და უნარ - ჩვევების განმავითარებელი და განმსაზღვრელი შეფასება : დისერტაცია /
_cირინა კიკვაძე; სამეცნიერო ხელმძღვანელი ი. ბიბილეიშვილი, ნოდარ ბარამიძე; ბათუმის შოთა რუსთაველის სახ. უნ-ტი.
264 _aბათუმი,
_c2013.
300 _a231 გვ.;
_b30 სმ.
653 _aდისერტაცია
653 _aმოსწავლეთა ცოდნისა და უნარ ჩვევების განმავითარებელი და განმსაზღვრელი შეფასება
653 _aპედაგოგიკა
700 _aბიბილეიშვილი, ი.
_eსამეცნიერო ხელმძღვანელი
_93836
700 _aბარამიძე, ნოდარ
_eსამეცნიერო ხელმძღვანელი
_911526
710 _aბათუმის შოთა რუსთაველის სახ. უნ-ტი
_911527
942 _cBK
_2udc